<?xml version="1.0" encoding="UTF-8"?><?xml-stylesheet type="text/xsl" href="static/style.xsl"?><OAI-PMH xmlns="http://www.openarchives.org/OAI/2.0/" xmlns:xsi="http://www.w3.org/2001/XMLSchema-instance" xsi:schemaLocation="http://www.openarchives.org/OAI/2.0/ http://www.openarchives.org/OAI/2.0/OAI-PMH.xsd"><responseDate>2026-04-17T03:08:32Z</responseDate><request verb="GetRecord" identifier="oai:www.recercat.cat:2117/342316" metadataPrefix="marc">https://recercat.cat/oai/request</request><GetRecord><record><header><identifier>oai:recercat.cat:2117/342316</identifier><datestamp>2025-07-17T11:34:58Z</datestamp><setSpec>com_2072_1033</setSpec><setSpec>col_2072_452950</setSpec></header><metadata><record xmlns="http://www.loc.gov/MARC21/slim" xmlns:dcterms="http://purl.org/dc/terms/" xmlns:xsi="http://www.w3.org/2001/XMLSchema-instance" xmlns:doc="http://www.lyncode.com/xoai" xsi:schemaLocation="http://www.loc.gov/MARC21/slim http://www.loc.gov/standards/marcxml/schema/MARC21slim.xsd">
   <leader>00925njm 22002777a 4500</leader>
   <datafield ind2=" " ind1=" " tag="042">
      <subfield code="a">dc</subfield>
   </datafield>
   <datafield ind2=" " ind1=" " tag="720">
      <subfield code="a">Marzoa Domínguez, Antonio</subfield>
      <subfield code="e">author</subfield>
   </datafield>
   <datafield ind2=" " ind1=" " tag="260">
      <subfield code="c">2020-10-01</subfield>
   </datafield>
   <datafield ind2=" " ind1=" " tag="520">
      <subfield code="a">Segundo premio de divulgación, categoria Fotón Emitido, del los IV Premios Fotón, convocats per l’Instituto de Óptica “Daza de Valdés” del CSIC, per una sèrie de quatre articles divulgatius sobre les aberracions òptiques en astronomia</subfield>
   </datafield>
   <datafield ind2=" " ind1=" " tag="520">
      <subfield code="a">Seguramente más de un lector sonría al leer el título de este artículo por tratarse de una persona aquejada de astigmatismo. Cuando a limitaciones visuales se refiere, uno tiene bastante idea de qué es la miopía, la hipermetropía o la presbicia y de las formas y metodologías que existen para corregirla, sobre todo si las padece. No obstante, cuando el oculista nos diagnostica astigmatismo y nos explica en qué consiste a menudo nos puede resultar una idea extraña o menos intuitiva que los otros errores refractivos. De hecho, se trata de una imperfección visual que no es fácil de detectar.&#xd;
&#xd;
A lo largo del presente artículo, intentaremos despejar las dudas y descifrar los «misterios» respecto a esta aberración geométrica, tan presente en la vida de muchas personas.</subfield>
   </datafield>
   <datafield ind2=" " ind1=" " tag="520">
      <subfield code="a">Award-winning</subfield>
   </datafield>
   <datafield ind2=" " ind1=" " tag="520">
      <subfield code="a">Postprint (published version)</subfield>
   </datafield>
   <datafield tag="653" ind2=" " ind1=" ">
      <subfield code="a">Àrees temàtiques de la UPC::Física::Astronomia i astrofísica</subfield>
   </datafield>
   <datafield tag="653" ind2=" " ind1=" ">
      <subfield code="a">Astigmatism</subfield>
   </datafield>
   <datafield tag="653" ind2=" " ind1=" ">
      <subfield code="a">Astigmatismo</subfield>
   </datafield>
   <datafield tag="653" ind2=" " ind1=" ">
      <subfield code="a">Astigmatisme</subfield>
   </datafield>
   <datafield ind2="0" ind1="0" tag="245">
      <subfield code="a">Aberraciones ópticas II: astigmatismo</subfield>
   </datafield>
</record></metadata></record></GetRecord></OAI-PMH>